000 00372 a2200145 4500
001 164930
020 _a
040 _cMagnum
100 _aRego, Teresa Cristina
240 1 0 _aVygotsky: uma perspectiva historico-cultural da educacao
_lpor
245 1 0 _aVygotsky: uma perspectiva historico-cultural da educacao
362 0 _a1899
697 _aPEDAGOGIA
942 _cBK
999 _c164930
_d164930